A constituiȯ̂ de 1891 Ruy Barbosa de Oliveira V. 17, t. 1 (1890)

Bibliographic Details
Main Author: Barbosa de Oliveira, Ruy
Format: eBook
Language:Portuguese
Published: Rio de janeiro: Fundaȯ̂ Casa de Rui Barbosa, 1946
Series:Obras completas de Rui Barbosa
Subjects:
Online Access:Acceso restringido

MARC

LEADER 00000nam a22000007a 4500
005 20120320131543.0
007 cr|||| ||||
008 120320s1946 br |||||s|||| 00||0 por d
035 |a 6265 
040 |a vLex 
090 |c 3065  |d 3065 
100 1 |a Barbosa de Oliveira, Ruy 
245 1 2 |a A constituiȯ̂ de 1891  |h [Recurso electrn̤ico] /  |b Ruy Barbosa de Oliveira   |p V. 17, t. 1 (1890) 
256 |a Servicio en ln̕ea 
260 |a Rio de janeiro:  |b Fundaȯ̂ Casa de Rui Barbosa,   |c 1946 
300 |a 1 recurso electrn̤ico 
500 |a Dentro de : Obras completas de Rui Barbosa 
506 0 |a Contenido solo disponible en los productos indicados  |d vLex Global   |d vLex Global (Academic Edition, excluding Law Schools)   |d vLex Global (U.S. Academic Edition, Law Schools)   |d vLex Global (U.S. Academic Edition, excluding Law Schools)   |d vLex Global (Academic Edition, Law Schools)  
650 0 4 |a Derecho constitucional  |z Brasil 
740 0 |a vLex Libros (Servicio en ln̕ea) 
830 0 |a Obras completas de Rui Barbosa 
856 4 0 |u http://vlex.com/source/obras-completas-rui-barbosa-tomo-i-vol-xvii-6265  |z Acceso restringido 
942 |c BOOK 
999 0 |a Constitutional law